[Event "Split op 5th"]
[Site "Split"]
[Date "2015.08.09"]
[Round "1"]
[White "Sale, Srdjan"]
[Black "Pejcinovic, Vitomir"]
[Result "1-0"]
[WhiteElo "2398"]
[BlackElo "1926"]
[PlyCount "67"]
[EventDate "2015.08.09"]
[EventType "swiss"]
[EventRounds "9"]
[EventCountry "CRO"]
[SourceTitle "EXT 2016"]
[Source "ChessBase"]
[SourceDate "2015.10.08"]
[SourceVersion "1"]
[SourceVersionDate "2015.10.08"]
[SourceQuality "1"]

1. e4 Nf6 2. e5 Nd5 3. d4 d6 4. Bc4 Nb6 5. Bb3 dxe5 6. Qh5 e6 7. dxe5 c5 8. Na3 Nc6 9. c3 g6 10. Qe2 a6 11. f4 Be7 12. Nf3 Na5 13. Bc2 0-0 14. h4 Bd7 15. h5 Bc6 16. Be3 Nd5 17. Rd1 Qc7 18. Bc1 b5 19. Nb1 Rfe8 20. Qf2 Kg7 21. Qg3 Rg8 22. hxg6 hxg6 23. f5 Kf8 24. fxe6 fxe6 25. Bxg6 Bf6 26. Rxd5 Bxd5 27. Bh6+ Rg7 28. Qf4 Kg8 29. Qxf6 Rf8 30. Bxg7 Qxg7 31. Bh7+ Kh8 32. Bf5+ Kg8 33. Bxe6+ Bxe6 34. Qxe6+ 1-0

[Event "Splitsko Dalmatinske-ch"]
[Site "Split"]
[Date "2014.03.09"]
[Round "2"]
[White "Pejcinovic, Vitomir"]
[Black "Bozanic, Ivica"]
[Result "0-1"]
[WhiteElo "1937"]
[BlackElo "2221"]
[PlyCount "72"]
[EventDate "2014.03.08"]
[EventType "swiss"]
[EventRounds "9"]
[EventCountry "CRO"]
[SourceTitle "CBM 159 Extra"]
[Source "ChessBase"]
[SourceDate "2014.04.24"]
[SourceVersion "1"]
[SourceVersionDate "2014.04.24"]
[SourceQuality "1"]

1. e4 c5 2. Nf3 Nc6 3. d4 cxd4 4. Nxd4 Nf6 5. Nc3 e5 6. Ndb5 d6 7. Bg5 a6 8. Na3 b5 9. Nd5 Be7 10. Nxe7 Nxe7 11. f3 0-0 12. Qd2 d5 13. 0-0-0 Be6 14. Bxf6 gxf6 15. Qh6 f5 16. g4 fxe4 17. fxe4 d4 18. Rd3 f6 19. g5 Ng6 20. Rg1 Ra7 21. h4 Rg7 22. Rdg3 f5 23. h5 Nf4 24. g6 Kh8 25. gxh7 Rxg3 26. Rxg3 Qf6 27. Qxf6+ Rxf6 28. exf5 Bxf5 29. Kd2 Kxh7 30. c4 b4 31. Nc2 Bxc2 32. Kxc2 e4 33. Rg5 Ne6 34. Rg1 Nc5 35. Bh3 Rf2+ 36. Kb1 e3 0-1

[Event "Split Zupanije-ch"]
[Site "Split"]
[Date "2013.03.23"]
[Round "7"]
[White "Kujovic, Damir"]
[Black "Pejcinovic, Vitomir"]
[Result "0-1"]
[WhiteElo "1831"]
[BlackElo "1958"]
[PlyCount "62"]
[EventDate "2013.03.16"]
[EventType "swiss"]
[EventRounds "9"]
[EventCountry "CRO"]
[SourceTitle "CBM 153 Extra"]
[Source "ChessBase"]
[SourceDate "2013.04.22"]
[SourceVersion "1"]
[SourceVersionDate "2013.04.22"]
[SourceQuality "1"]

1. d4 Nf6 2. c4 e6 3. Nf3 Bb4+ 4. Bd2 Bxd2+ 5. Nbxd2 c5 6. d5 d6 7. e4 e5 8. h3 Qa5 9. Bd3 0-0 10. 0-0 Qb6 11. Rb1 g6 12. a3 a5 13. Be2 Na6 14. Nh4 Qd8 15. f4 Nxd5 16. Nxg6 Ne3 17. Qb3 Nxf1 18. Nxf8 Nxd2 19. Qg3+ Kxf8 20. Rd1 Nxe4 21. Qf3 f5 22. fxe5 Qe7 23. exd6 Nxd6 24. Qd5 Nf7 25. Bh5 Nc7 26. Qd2 Be6 27. Qc3 Qg5 28. Bf3 Rd8 29. Re1 Qd2 30. Bxb7 Qxc3 31. bxc3 Bxc4 0-1

[Event "Split Zupanije-ch"]
[Site "Split"]
[Date "2013.03.17"]
[Round "2"]
[White "Pejcinovic, Vitomir"]
[Black "Bilobrk, Franjo"]
[Result "0-1"]
[WhiteElo "1958"]
[BlackElo "2373"]
[PlyCount "96"]
[EventDate "2013.03.16"]
[EventType "swiss"]
[EventRounds "9"]
[EventCountry "CRO"]
[SourceTitle "CBM 153 Extra"]
[Source "ChessBase"]
[SourceDate "2013.04.22"]
[SourceVersion "1"]
[SourceVersionDate "2013.04.22"]
[SourceQuality "1"]

1. e4 c5 2. Nf3 e6 3. d4 cxd4 4. Nxd4 a6 5. Nc3 Qc7 6. Be3 b5 7. f3 Bb7 8. Bd3 Nf6 9. Qd2 b4 10. Nce2 d5 11. e5 Nfd7 12. f4 Nc5 13. 0-0 Nbd7 14. b3 Be7 15. Kh1 0-0 16. Rf3 Ne4 17. Qe1 Ndc5 18. Rc1 Rac8 19. Rh3 a5 20. Ng3 Nxg3+ 21. Rxg3 f5 22. Rh3 Qb6 23. Be2 Ba6 24. Qf1 Bxe2 25. Qxe2 Rf7 26. c4 bxc3 27. Rxc3 Rff8 28. Qc2 Qa6 29. Qd1 Ne4 30. Rxc8 Rxc8 31. a4 Bc5 32. Rf3 h6 33. h3 Ba7 34. Kh2 Rc3 35. Bg1 Bxd4 36. Bxd4 Rc6 37. Qd3 Qxd3 38. Rxd3 g5 39. g3 Kf7 40. Kg2 g4 41. hxg4 fxg4 42. Rd1 Rc2+ 43. Kg1 Nxg3 44. Bb6 Ne2+ 45. Kh1 g3 46. f5 g2+ 47. Kh2 g1Q+ 48. Bxg1 Nc3+ 0-1

[Event "Split SDZ op"]
[Site "Split"]
[Date "2012.03.19"]
[Round "3"]
[White "Pejcinovic, Vitomir"]
[Black "Plenkovic, Zdenko"]
[Result "0-1"]
[WhiteElo "2012"]
[BlackElo "2392"]
[PlyCount "96"]
[EventDate "2012.03.17"]
[EventType "swiss"]
[EventRounds "9"]
[EventCountry "CRO"]
[SourceTitle "EXT 2013"]
[Source "ChessBase"]
[SourceDate "2012.11.22"]
[SourceVersion "1"]
[SourceVersionDate "2012.11.22"]
[SourceQuality "1"]

1. e4 d5 2. exd5 Qxd5 3. Nc3 Qd6 4. d4 g6 5. Nf3 Bg7 6. Nb5 Qb6 7. Bf4 Na6 8. c4 c6 9. c5 Qd8 10. Nc3 Nc7 11. Bc4 Nf6 12. 0-0 0-0 13. Qd2 Bg4 14. Ne5 Be6 15. Be2 Ncd5 16. Bh6 Nxc3 17. bxc3 Ne4 18. Qe3 Nxc3 19. Bxg7 Nxe2+ 20. Qxe2 Kxg7 21. Rfd1 Qc7 22. a4 Rad8 23. Qe3 Rd5 24. Nd3 Bc8 25. Nf4 Rf5 26. g3 e5 27. Nd3 exd4 28. Qxd4+ Kg8 29. Qe3 h5 30. Nf4 Qe5 31. Qxe5 Rxe5 32. Rdc1 Rd8 33. h4 Kg7 34. a5 a6 35. Ra3 Rd2 36. Kf1 Re7 37. Kg2 Rb2 38. Nd3 Rb5 39. Nf4 Bf5 40. f3 Re5 41. Kf2 Rexc5 42. Rxc5 Rxc5 43. Rb3 Bc8 44. Ra3 Rb5 45. Ke3 Kf6 46. Kd4 Be6 47. Nd3 Ke7 48. Nf2 Bd5 0-1

[Event "Split SDZ op"]
[Site "Split"]
[Date "2012.03.18"]
[Round "2"]
[White "Pejcinovic, Vitomir"]
[Black "Peric, Davor"]
[Result "1-0"]
[WhiteElo "2012"]
[BlackElo "1882"]
[PlyCount "113"]
[EventDate "2012.03.17"]
[EventType "swiss"]
[EventRounds "9"]
[EventCountry "CRO"]
[SourceTitle "EXT 2013"]
[Source "ChessBase"]
[SourceDate "2012.11.22"]
[SourceVersion "1"]
[SourceVersionDate "2012.11.22"]
[SourceQuality "1"]

1. e4 e5 2. Nf3 Nf6 3. Nc3 Nc6 4. Bb5 Bb4 5. 0-0 d6 6. Nd5 Bc5 7. d3 h6 8. b4 Bb6 9. Kh1 0-0 10. Nxb6 axb6 11. c3 Be6 12. Ba4 Qe7 13. a3 Bg4 14. Bc2 Rae8 15. Re1 Nd8 16. h3 Bh5 17. Ba4 c6 18. Bc2 Ne6 19. g4 Bg6 20. Rg1 Nd7 21. Rg3 Nf4 22. Kh2 d5 23. Ne1 dxe4 24. dxe4 Rd8 25. Qf3 Nf6 26. Ng2 Rd7 27. Be3 c5 28. Re1 Nxg2 29. Qxg2 Rfd8 30. Bc1 Qe6 31. Qf1 c4 32. Qe2 Qc6 33. h4 Ne8 34. h5 Bh7 35. g5 hxg5 36. Bxg5 f6 37. Bc1 Kh8 38. Reg1 Nc7 39. a4 b5 40. a5 Ne6 41. Be3 Nf4 42. Bxf4 exf4 43. R3g2 Qd6 44. Qf3 Qe5 45. Re1 Rd2 46. Bb1 R8d7 47. Kg1 Bg8 48. Qg4 Bh7 49. Qf3 Bg8 50. Rg4 Qxh5 51. Qxf4 Qe8 52. Kg2 Rd1 53. Rh4+ Bh7 54. e5 g5 55. Qxf6+ Kg8 56. Bxh7+ Rxh7 57. Rxh7 1-0

[Event "Stobrec op"]
[Site "Stobrec"]
[Date "2008.08.02"]
[Round "7"]
[White "Pejcinovic, Vitomir"]
[Black "Juric Cvitanovic, Alen"]
[Result "1-0"]
[WhiteElo "2021"]
[BlackElo "1842"]
[PlyCount "91"]
[EventDate "2008.07.26"]
[EventType "swiss"]
[EventRounds "7"]
[EventCountry "CRO"]
[SourceTitle "EXT 2009"]
[Source "ChessBase"]
[SourceDate "2008.11.26"]
[SourceVersion "1"]
[SourceVersionDate "2008.11.26"]
[SourceQuality "1"]

1. e4 c6 2. d4 d5 3. Nc3 dxe4 4. Nxe4 Nd7 5. Bc4 Ngf6 6. Ng3 Qc7 7. Nf3 e6 8. c3 Bd6 9. 0-0 0-0 10. Bd3 b6 11. Ng5 h6 12. N5e4 Nxe4 13. Bxe4 Nf6 14. Bc2 e5 15. Nh5 Nd5 16. dxe5 Bxe5 17. f4 Bd6 18. Qf3 Re8 19. Kh1 Ba6 20. Qg4 Bf8 21. Bd2 Bxf1 22. Rxf1 Qc8 23. Qg3 Re2 24. Qd3 g6 25. Qxe2 gxh5 26. Qxh5 Qa6 27. Qf3 Qxa2 28. Qe4 Nf6 29. Qxc6 Rd8 30. Bc1 Rd6 31. Qf3 a5 32. f5 Qc4 33. Re1 h5 34. h3 Rc6 35. Qg3+ Kh8 36. Be3 Bg7 37. Bd4 Rc8 38. Qg5 Qc6 39. Re3 h4 40. Qxh4+ Kg8 41. Rg3 Kf8 42. Qg5 Bh8 43. Bxf6 Bxf6 44. Qg8+ Ke7 45. Re3+ Kd6 46. Qxf7 1-0

[Event "Stobrec op"]
[Site "Stobrec"]
[Date "2008.07.31"]
[Round "5"]
[White "Pejcinovic, Vitomir"]
[Black "Krnic, Ivan"]
[Result "1/2-1/2"]
[WhiteElo "2021"]
[BlackElo "2192"]
[PlyCount "84"]
[EventDate "2008.07.26"]
[EventType "swiss"]
[EventRounds "7"]
[EventCountry "CRO"]
[SourceTitle "EXT 2009"]
[Source "ChessBase"]
[SourceDate "2008.11.26"]
[SourceVersion "1"]
[SourceVersionDate "2008.11.26"]
[SourceQuality "1"]

1. e4 c5 2. Nf3 e6 3. d4 cxd4 4. Nxd4 a6 5. Nc3 b5 6. Bd3 Qb6 7. Nb3 Qc7 8. Be3 Bb7 9. Qd2 Nf6 10. f3 Nc6 11. 0-0 Ne5 12. Qf2 d6 13. Bb6 Qd7 14. Na5 Be7 15. Rad1 0-0 16. Rfe1 Rac8 17. Nxb7 Qxb7 18. Be3 Nc4 19. Bc1 Rfd8 20. Kh1 Ne5 21. Bf1 Qc6 22. a3 Qc7 23. h3 Ned7 24. f4 Nc5 25. g4 d5 26. exd5 Nxd5 27. Nxd5 Rxd5 28. Rxd5 exd5 29. Bg2 d4 30. Qxd4 Ne6 31. Qe4 Bh4 32. Rd1 Qxc2 33. Qxc2 Rxc2 34. f5 Nd4 35. Bf4 Ne2 36. g5 Rc8 37. Bh2 Bxg5 38. Bb7 Rc1 39. Rxc1 Bxc1 40. Bxa6 Bxb2 41. Bxb5 Nd4 42. a4 Bc3 1/2-1/2

[Event "Stobrec op"]
[Site "Stobrec"]
[Date "2008.07.29"]
[Round "3"]
[White "Vrankovic, Ivan"]
[Black "Pejcinovic, Vitomir"]
[Result "0-1"]
[WhiteElo "1776"]
[BlackElo "2021"]
[PlyCount "72"]
[EventDate "2008.07.26"]
[EventType "swiss"]
[EventRounds "7"]
[EventCountry "CRO"]
[SourceTitle "EXT 2009"]
[Source "ChessBase"]
[SourceDate "2008.11.26"]
[SourceVersion "1"]
[SourceVersionDate "2008.11.26"]
[SourceQuality "1"]

1. e4 Nf6 2. e5 Nd5 3. Nf3 d6 4. d4 g6 5. c4 Nb6 6. Bf4 Bg7 7. Nc3 Nc6 8. exd6 cxd6 9. d5 Nb8 10. a4 Bg4 11. a5 N6d7 12. h3 Bxf3 13. Qxf3 Na6 14. Be2 Nac5 15. Bd1 0-0 16. 0-0 e5 17. Be3 f5 18. Bxc5 Nxc5 19. Bc2 Rc8 20. b4 e4 21. Qe3 Na6 22. b5 Nb4 23. Bb3 Nd3 24. Qd2 Qe7 25. a6 b6 26. Rad1 Qh4 27. Na2 Bh6 28. Qc3 Nf4 29. Rfe1 Nd3 30. Rf1 Bg7 31. Qd2 f4 32. Nb4 Nxb4 33. Qxb4 Be5 34. c5 f3 35. Qd2 fxg2 36. Kxg2 Rf3 0-1

[Event "Stobrec op"]
[Site "Stobrec"]
[Date "2008.07.26"]
[Round "1"]
[White "Jurisin, Petar"]
[Black "Pejcinovic, Vitomir"]
[Result "0-1"]
[WhiteElo "1405"]
[BlackElo "2021"]
[PlyCount "89"]
[EventDate "2008.07.26"]
[EventType "swiss"]
[EventRounds "7"]
[EventCountry "CRO"]
[SourceTitle "EXT 2009"]
[Source "ChessBase"]
[SourceDate "2008.11.26"]
[SourceVersion "1"]
[SourceVersionDate "2008.11.26"]
[SourceQuality "1"]

1. e4 Nf6 2. e5 Nd5 3. d4 d6 4. f4 dxe5 5. fxe5 Nc6 6. c4 Nb6 7. Nf3 Bg4 8. Be3 e6 9. a3 Be7 10. Be2 Bxf3 11. Bxf3 Nxc4 12. Bxc6+ bxc6 13. Qc1 Qd5 14. 0-0 Nxe3 15. Qxe3 c5 16. Nc3 Qxd4 17. Qxd4 cxd4 18. Nb5 0-0 19. Nxc7 Rab8 20. Na6 Rxb2 21. Rfd1 Bg5 22. Kh1 Be3 23. Nb4 Rc8 24. Rab1 Rxb1 25. Rxb1 Rb8 26. Rd1 Rb5 27. Nc6 Rb7 28. g3 Rc7 29. Nxd4 Bxd4 30. Rxd4 Kf8 31. Kg2 Rc3 32. a4 Ke7 33. Rb4 Rc7 34. Kf3 f6 35. exf6+ gxf6 36. a5 Kd6 37. h4 e5 38. Ke4 Ke6 39. g4 h5 40. g5 f5+ 41. Kd3 Rc5 42. Ra4 Rd5+ 43. Kc3 f4 44. a6 f3 45. Kb3 0-1

[Event "Omis op"]
[Site "Omis"]
[Date "2007.10.08"]
[Round "7"]
[White "Pejcinovic, Vitomir"]
[Black "Curic, Drazen"]
[Result "0-1"]
[WhiteElo "1992"]
[BlackElo "2271"]
[PlyCount "46"]
[EventDate "2007.10.05"]
[EventType "swiss"]
[EventRounds "7"]
[EventCountry "CRO"]
[SourceTitle "CBM 120 Extra"]
[Source "ChessBase"]
[SourceDate "2007.11.01"]
[SourceVersion "1"]
[SourceVersionDate "2007.11.01"]
[SourceQuality "1"]

1. e4 d6 2. d4 Nf6 3. Nc3 c6 4. Bg5 Nbd7 5. f4 Qb6 6. b3 e5 7. Nf3 Qa5 8. Qd2 d5 9. a3 Bb4 10. axb4 Qxa1+ 11. Kf2 Qxc3 12. Qxc3 Nxe4+ 13. Ke3 Nxc3 14. fxe5 0-0 15. Bd3 f6 16. Bh4 f5 17. Ng5 Nb6 18. Nh3 Be6 19. Rf1 Rae8 20. Be1 Ne4 21. b5 c5 22. Bxe4 cxd4+ 23. Kxd4 fxe4 0-1

[Event "Omis op"]
[Site "Omis"]
[Date "2004.10.10"]
[Round "7"]
[White "Berke, Ana"]
[Black "Pejcinovic, Vitomir"]
[Result "1-0"]
[WhiteElo "2034"]
[BlackElo "2029"]
[PlyCount "108"]
[EventDate "2004.10.06"]
[EventType "swiss"]
[EventRounds "7"]
[EventCountry "CRO"]
[SourceTitle "CBM 102 Extra"]
[Source "ChessBase"]
[SourceDate "2004.11.03"]
[SourceVersion "1"]
[SourceVersionDate "2004.11.03"]
[SourceQuality "1"]

1. e4 Nf6 2. e5 Nd5 3. d4 d6 4. f4 g6 5. Nf3 dxe5 6. fxe5 Nc6 7. c4 Nb6 8. Nc3 Bg4 9. Be3 e6 10. Be2 Bg7 11. 0-0 0-0 12. Qd2 Ne7 13. Bg5 Qd7 14. Ne4 Nf5 15. Rad1 Qc6 16. Nf6+ Bxf6 17. Bxf6 Qe4 18. Bg5 f6 19. Bd3 Qc6 20. Bxf6 Qd7 21. Bxf5 Bxf5 22. b3 c6 23. Qh6 Rad8 24. Nh4 Rf7 25. Nxf5 exf5 26. Qf4 Qe6 27. Qf3 Rfd7 28. Rd2 Rf8 29. Rfd1 a6 30. d5 cxd5 31. cxd5 Qe8 32. Qf2 Nc8 33. d6 Qe6 34. Qc5 b5 35. Qd5 Kf7 36. Qxe6+ Kxe6 37. Bg5 Nb6 38. Be3 Nc8 39. Bf4 Nb6 40. h4 Rc8 41. Kf2 Rc3 42. Be3 Nc8 43. Bd4 Rc6 44. Bb2 Nb6 45. Ke3 a5 46. Rc1 Rxc1 47. Bxc1 Kxe5 48. Bb2+ Ke6 49. Kf4 Rxd6 50. Re2+ Kf7 51. Kg5 Nd5 52. Kh6 Re6 53. Rd2 Ne7 54. Kxh7 Re3 1-0

[Event "Omis op"]
[Site "Omis"]
[Date "2004.10.08"]
[Round "3"]
[White "Pejcinovic, Vitomir"]
[Black "Podrug, Frane"]
[Result "0-1"]
[WhiteElo "2029"]
[BlackElo "2025"]
[PlyCount "74"]
[EventDate "2004.10.06"]
[EventType "swiss"]
[EventRounds "7"]
[EventCountry "CRO"]
[SourceTitle "CBM 102 Extra"]
[Source "ChessBase"]
[SourceDate "2004.11.03"]
[SourceVersion "1"]
[SourceVersionDate "2004.11.03"]
[SourceQuality "1"]

1. e4 e6 2. d4 d5 3. Nd2 Nf6 4. e5 Ng8 5. Bd3 c5 6. c3 Nc6 7. Ngf3 cxd4 8. cxd4 Qb6 9. 0-0 Nh6 10. a3 a5 11. Re1 Be7 12. Nf1 Nf5 13. Bxf5 exf5 14. Qd3 Be6 15. Ng3 a4 16. Nxf5 0-0 17. Nxe7+ Nxe7 18. Ng5 Bf5 19. Qe3 h6 20. Nf3 Rac8 21. Nh4 Be4 22. f3 Bh7 23. f4 Rc2 24. Bd2 Rfc8 25. Bc3 Be4 26. Rac1 Rxc1 27. Rxc1 Kh7 28. g4 f6 29. Nf3 fxe5 30. Nxe5 Ng6 31. Rf1 Re8 32. Qg3 Nxe5 33. fxe5 Re6 34. h3 Qb3 35. Qf2 Rg6 36. Qd2 Qb6 37. Kh2 Rg5 0-1

[Event "Karlusic Memorial"]
[Site "Split"]
[Date "2004.02.15"]
[Round "7"]
[White "Pejcinovic, Vitomir"]
[Black "Brulic, Denis"]
[Result "0-1"]
[WhiteElo "2018"]
[BlackElo "2176"]
[PlyCount "66"]
[EventDate "2004.02.09"]
[EventType "swiss"]
[EventRounds "7"]
[EventCountry "CRO"]
[SourceTitle "EXT 2005"]
[Source "ChessBase"]
[SourceDate "2004.11.15"]
[SourceVersion "1"]
[SourceVersionDate "2004.11.15"]
[SourceQuality "1"]

1. e4 c5 2. Nf3 Nc6 3. d4 cxd4 4. Nxd4 Nf6 5. Nc3 e5 6. Nb3 Bb4 7. Bd3 d5 8. exd5 Nxd5 9. Bd2 Nxc3 10. bxc3 Bd6 11. Qh5 g6 12. Qe2 0-0 13. 0-0-0 a5 14. Be3 a4 15. Nd2 Ba3+ 16. Kb1 Nd4 17. Bxd4 exd4 18. Nc4 Re8 19. Qf3 Bf8 20. Ka1 Be6 21. g4 Qc8 22. Rhe1 b5 23. Rxe6 Rxe6 24. Be4 Rxe4 25. Nb6 Qc6 26. Nxa8 Qxa8 27. cxd4 Bg7 28. c3 b4 29. Kb2 bxc3+ 30. Kxc3 Qc6+ 31. Kb2 Qb5+ 32. Kc3 Rxd4 33. Qa8+ Rd8+ 0-1

[Event "Karlusic Memorial"]
[Site "Split"]
[Date "2004.02.14"]
[Round "6"]
[White "Pejcinovic, Vitomir"]
[Black "Marcic, Ivica"]
[Result "1-0"]
[WhiteElo "2018"]
[BlackElo "2076"]
[PlyCount "82"]
[EventDate "2004.02.09"]
[EventType "swiss"]
[EventRounds "7"]
[EventCountry "CRO"]
[SourceTitle "EXT 2005"]
[Source "ChessBase"]
[SourceDate "2004.11.15"]
[SourceVersion "1"]
[SourceVersionDate "2004.11.15"]
[SourceQuality "1"]

1. e4 c5 2. Nf3 d6 3. d4 cxd4 4. Nxd4 Nf6 5. Nc3 a6 6. Bg5 e6 7. Qd2 h6 8. Be3 Ng4 9. 0-0-0 Be7 10. Kb1 Nxe3 11. Qxe3 Qc7 12. f4 Nc6 13. Nb3 b5 14. Bd3 b4 15. Ne2 Rb8 16. h4 e5 17. f5 a5 18. g4 a4 19. Nbc1 Na5 20. b3 Bd7 21. Ng3 a3 22. Nce2 Nc6 23. Nh5 Nd4 24. Nhg3 d5 25. exd5 Bc5 26. Qe4 f6 27. Bc4 Nb5 28. Qd3 e4 29. Nxe4 Qe5 30. c3 Ba7 31. Rhe1 0-0 32. Nd4 Bxd4 33. cxd4 Qh2 34. Re2 Qxh4 35. Qf3 Nc3+ 36. Nxc3 bxc3 37. Rh1 Bxf5+ 38. gxf5 Qxd4 39. Kc2 Rfc8 40. Rd1 Qb6 41. Qxc3 Qd6 1-0